| 000 | 00747nam a2200217 i 4500 | ||
|---|---|---|---|
| 001 | 37479 | ||
| 003 | ES-MaACL | ||
| 005 | 20250903084237.0 | ||
| 007 | t| | ||
| 008 | 030305q19001873sp b |||| | spa d | ||
| 110 | 2 |
_aLibrería de Victoriano Suárez. _95520 |
|
| 245 | 1 | 0 | _aLibrería de Victoriano Suárez: [Catálogo de las obras de Doña Concepción Arenal]. |
| 260 |
_aMadrid : _bLibrería de Victoriano Suárez, _c[1900] |
||
| 300 |
_a24 p. ; _c19 cm. |
||
| 500 | _aEjemplar sin portada. | ||
| 500 | _aVictoriano Suárez ejerce como editor ca. 1873-1900. | ||
| 650 | 7 |
_aCatálogos de editores- _yS.XIX _2 _9169796 |
|
| 700 | 1 |
_aArenal, Concepción, _d1820-1893 _922591 |
|
| 852 |
_aES-MaACL _jT-966-F-4 |
||
| 999 |
_c37479 _d37479 |
||